Herbert Grönemeyer Songs – Sudden Death - Statistiken

Allgemein
  • Dieses Quiz wurde 2.709 mal gespielt
  • Das Durchschnittsergebnis liegt bei 7 aus 12
Answers on the Grid
Answers color-coded by a green-red scale on the quiz's grid according to % correct below.
Currywurst
Musik nur, wenn sie laut ist
Männer
Alkohol
Flugzeuge im Bauch
Kinder an die Macht
Was soll das
Halt mich
Bleibt alles anders
Mensch
Der Weg
Zeit, dass sich was dreht
Lass uns leben
Schrei nach Liebe
Bruttosozialprodukt
Hör gut zu
1001 Nacht
Vielleicht Vielleicht
Jenseits von Eden
Autobahn
 
Antwortstatistiken
Antwort % Korrekt
Männer
86%
Mensch
80%
Zeit, dass sich was dreht
72%
Kinder an die Macht
67%
Alkohol
64%
Flugzeuge im Bauch
60%
Musik nur, wenn sie laut ist
56%
Currywurst
55%
Was soll das
54%
Der Weg
53%
Halt mich
42%
Bleibt alles anders
29%
Keine übereinstimmenden Quizze gefunden
Verteilung der Resultate
Anzahl Personen mit jedem Resultat
Perzentil nach korrekt beantworteten Fragen
Ihre Resultats-Entwicklung
Sie haben dieses Quiz noch nicht gespielt